000 00457nam a2200193Ia 4500
005 20250425160710.0
008 250425s9999 xx 000 0 und d
041 _aspa
082 _a928.866
100 _aPEREZ CONCHA, JORGE
245 0 _aVARGAS TORRES
250 _a1A ED.
260 _aEcuador
_bBANCO CENTRAL DEL ECUADOR
_c1987
260 _aQUITO
300 _a313
650 _aBIOGRAFIA-LUIS VARGAS TORRES
942 _c01
010 _a2658
999 _c194360
_d194360